<?xml version="1.0" encoding="UTF-8"?>
<record
    xmlns:xsi="http://www.w3.org/2001/XMLSchema-instance"
    xsi:schemaLocation="http://www.loc.gov/MARC21/slim http://www.loc.gov/standards/marcxml/schema/MARC21slim.xsd"
    xmlns="http://www.loc.gov/MARC21/slim">

  <leader>01552mam a2200385 a 4500</leader>
  <controlfield tag="001">2995384</controlfield>
  <controlfield tag="005">20220326193309.0</controlfield>
  <controlfield tag="008">000417s1999    mx a     bc  f000 0dspa d</controlfield>
  <datafield tag="020" ind1=" " ind2=" ">
    <subfield code="a">9701829840</subfield>
  </datafield>
  <datafield tag="020" ind1=" " ind2=" ">
    <subfield code="a">1889195405</subfield>
  </datafield>
  <datafield tag="035" ind1=" " ind2=" ">
    <subfield code="a">(OCoLC)500941550</subfield>
  </datafield>
  <datafield tag="035" ind1=" " ind2=" ">
    <subfield code="a">(OCoLC)ocn500941550</subfield>
  </datafield>
  <datafield tag="035" ind1=" " ind2=" ">
    <subfield code="a">(NNC)2995384</subfield>
  </datafield>
  <datafield tag="040" ind1=" " ind2=" ">
    <subfield code="a">MH-FA</subfield>
    <subfield code="c">MH-FA</subfield>
    <subfield code="d">CStRLIN</subfield>
  </datafield>
  <datafield tag="041" ind1="0" ind2=" ">
    <subfield code="a">engspa</subfield>
  </datafield>
  <datafield tag="082" ind1=" " ind2=" ">
    <subfield code="a">708</subfield>
    <subfield code="b">A118e</subfield>
  </datafield>
  <datafield tag="100" ind1="1" ind2=" ">
    <subfield code="a">Abaroa, Eduardo,</subfield>
    <subfield code="d">1968-</subfield>
    <subfield code="9">1949</subfield>
  </datafield>
  <datafield tag="245" ind1="1" ind2="0">
    <subfield code="a">Eduardo Abaroa /</subfield>
    <subfield code="c">[textos, Fernando Castrol Florez ... et al.].</subfield>
  </datafield>
  <datafield tag="246" ind1="3" ind2=" ">
    <subfield code="a">Engendros del ocio y la hipocres&#xED;a</subfield>
  </datafield>
  <datafield tag="246" ind1="3" ind2=" ">
    <subfield code="a">Freaks of leisure and hypocrisy, 1991-1999</subfield>
  </datafield>
  <datafield tag="250" ind1=" " ind2=" ">
    <subfield code="a">[1. ed.]</subfield>
  </datafield>
  <datafield tag="260" ind1=" " ind2=" ">
    <subfield code="a">Mexico, D.F. :</subfield>
    <subfield code="b">Instituto Nacional de Bellas Artes,</subfield>
    <subfield code="c">[1999]</subfield>
  </datafield>
  <datafield tag="300" ind1=" " ind2=" ">
    <subfield code="a">93 p. :</subfield>
    <subfield code="b">ill. (some col.) ;</subfield>
    <subfield code="c">22 cm.</subfield>
  </datafield>
  <datafield tag="500" ind1=" " ind2=" ">
    <subfield code="a">Catalog of an exhibition held at the Museo de Arte Carrillo Gil, Mexico City, Aug.4-Nov. 11, 1999; Instituto Cultural Cabanas, Guadalajara, Jan.-Mar., 2000; Track 16, Santa Monica, Summer, 2000.</subfield>
  </datafield>
  <datafield tag="500" ind1=" " ind2=" ">
    <subfield code="a">Cover title : Engendros del ocio y la hipocres&#xED;a = Freaks of leisure and hypocrisy, 1991-1999.</subfield>
  </datafield>
  <datafield tag="504" ind1=" " ind2=" ">
    <subfield code="a">Includes bibliographical references.</subfield>
  </datafield>
  <datafield tag="546" ind1=" " ind2=" ">
    <subfield code="a">English and Spanish.</subfield>
  </datafield>
  <datafield tag="600" ind1="1" ind2="0">
    <subfield code="a">Abaroa, Eduardo,</subfield>
    <subfield code="d">1968- </subfield>
    <subfield code="v">Exhibitions.</subfield>
    <subfield code="9">1950</subfield>
  </datafield>
  <datafield tag="650" ind1=" " ind2=" ">
    <subfield code="a">arte mexicano</subfield>
    <subfield code="x">arte moderno</subfield>
    <subfield code="9">1951</subfield>
  </datafield>
  <datafield tag="700" ind1="1" ind2=" ">
    <subfield code="a">Castro Fl&#xF3;rez, Fernando.</subfield>
    <subfield code="9">1952</subfield>
  </datafield>
  <datafield tag="710" ind1="2" ind2=" ">
    <subfield code="a">Museo de Arte Carrillo Gil.</subfield>
    <subfield code="9">1953</subfield>
  </datafield>
  <datafield tag="710" ind1="2" ind2=" ">
    <subfield code="a">Instituto Cultural Caba&#xF1;as (Guadalajara, Mexico)</subfield>
    <subfield code="9">1954</subfield>
  </datafield>
  <datafield tag="710" ind1="2" ind2=" ">
    <subfield code="a">Track 16 Gallery and Mainspace.</subfield>
    <subfield code="9">1955</subfield>
  </datafield>
  <datafield tag="999" ind1=" " ind2=" ">
    <subfield code="c">407</subfield>
    <subfield code="d">407</subfield>
  </datafield>
  <datafield tag="952" ind1=" " ind2=" ">
    <subfield code="0">0</subfield>
    <subfield code="1">0</subfield>
    <subfield code="2">ddc</subfield>
    <subfield code="4">0</subfield>
    <subfield code="7">0</subfield>
    <subfield code="a">LV</subfield>
    <subfield code="b">LV</subfield>
    <subfield code="c">Monograf&#xED;as</subfield>
    <subfield code="d">2015-01-17</subfield>
    <subfield code="l">0</subfield>
    <subfield code="o">708 A118e</subfield>
    <subfield code="p">000554</subfield>
    <subfield code="r">2015-01-17 00:00:00</subfield>
    <subfield code="w">2015-01-17</subfield>
    <subfield code="y">01</subfield>
  </datafield>
</record>
